Efektivní systém řízení strategie nový nástroj zvyšování výkonnosti a vytváření konkurenční výhody

Salvato in:
Dettagli Bibliografici
Autore principale: Kaplan, Robert S.
Altri autori: Norton, David P.
Natura: Libro
Lingua:ceco
Pubblicazione: Praha Management Press 2010
Serie:Knihovna světového managementu Sv. 28
Soggetti:
Tags: Aggiungi Tag
Nessun Tag, puoi essere il primo ad aggiungerne!!

MARC

LEADER 00000nam a2200000 4500
001 0121187
005 20230220124051.0
020 |a 978-80-7261-203-1 
041 0 |a cze 
044 |a CZ 
245 1 0 |a Efektivní systém řízení strategie  |b nový nástroj zvyšování výkonnosti a vytváření konkurenční výhody  |c Robert S. Kaplan, David P. Norton 
264 1 |a Praha  |b Management Press  |c 2010 
300 |a 325 s. 
490 1 |a Knihovna světového managementu  |v Sv. 28 
830 0 |a Knihovna světového managementu  |v Sv. 28 
610 2 0 |a stratégia podnikateľská 
610 2 0 |a stratégia podniková 
610 2 0 |a efektívnosť podnikania 
610 2 0 |a výkonnosť 
610 2 0 |a konkurencieschopnosť 
610 2 0 |a manažment strategický 
610 2 0 |a plánovanie strategické 
610 2 0 |a plánovanie rozpočtové 
610 2 0 |a zdroje finančné 
100 1 |a Kaplan, Robert S. 
700 1 |a Norton, David P.